| 000 | 00650nam a2200181 i 4500 | ||
|---|---|---|---|
| 001 | 146338 | ||
| 003 | ES-MaACL | ||
| 005 | 20240223183405.0 | ||
| 007 | t| | ||
| 008 | 070906s1931 xxk ||||1| spa d | ||
| 100 | 1 |
_aTorres-Rioseco, Arturo. _9111009 |
|
| 245 | 1 | 0 |
_aRubén Darío, casticismo y americanismo _b: estudio precedido de la biografía del poeta / _cpor Arturo Torres-Rioseco. |
| 260 |
_aCambridge, etc. : _bHarvard University Press, _c1931. |
||
| 300 |
_aXI, 253 p. ; _c22 cm. |
||
| 600 | 1 | 4 |
_aDarío, Rubén, _d1867-1916- _xCrítica e interpretación _942722 |
| 852 |
_aES-MaACL _jA-3831 _bR.15485 |
||
| 999 |
_c146338 _d146338 |
||